Online katalóg knižníc regiónu Turca

Cid. Faidra (Record no. 20460)

MARC details
000 -LEADER
fixed length control field 01346nam a2200409 a 4500
001 - CONTROL NUMBER
control field 20460
003 - CONTROL NUMBER IDENTIFIER
control field VRT
005 - DATE AND TIME OF LATEST TRANSACTION
control field 20260122143104.0
008 - FIXED-LENGTH DATA ELEMENTS--GENERAL INFORMATION
fixed length control field 000507s1995 xo gr 000 d slo c
020 ## - INTERNATIONAL STANDARD BOOK NUMBER
International Standard Book Number 8088834309
Terms of availability 25.00 SK
035 ## - SYSTEM CONTROL NUMBER
System control number SAVUKc049318
039 #9 - LEVEL OF BIBLIOGRAPHIC CONTROL AND CODING DETAIL [OBSOLETE]
Level of rules in bibliographic description 200809190904
Level of effort used to assign nonsubject heading access points mknkjs01
040 ## - CATALOGING SOURCE
Original cataloging agency SAVUK
Language of cataloging slo
Transcribing agency SNK
Description conventions AACR2
041 1# - LANGUAGE CODE
Language code of text/sound track or separate title slo
Language code of original eng
044 ## - COUNTRY OF PUBLISHING/PRODUCING ENTITY CODE
MARC country code xo
ISO country code SK
080 ## - UNIVERSAL DECIMAL CLASSIFICATION NUMBER
Universal Decimal Classification number 840-2(082.2)
100 1# - MAIN ENTRY--PERSONAL NAME
Personal name Corneille, Pierre,
Dates associated with a name 1606-1684
245 10 - TITLE STATEMENT
Title Cid. Faidra
Statement of responsibility, etc. Pierre Corneille, Jean Racine ; preklad Jozef Felix
260 ## - PUBLICATION, DISTRIBUTION, ETC.
Place of publication, distribution, etc. Rohovce
Name of publisher, distributor, etc. Interpopulart Slovakia
Date of publication, distribution, etc. [1995]
300 ## - PHYSICAL DESCRIPTION
Extent 127 s
490 1# - SERIES STATEMENT
Series statement Študentská knižnica : Študentská knižnica
Volume/sequential designation 31
500 ## - GENERAL NOTE
General note Vyšlo s: Faidra Jeana Racina.
505 1# - FORMATTED CONTENTS NOTE
Formatted contents note Faidra/ Jean Racine
700 1# - ADDED ENTRY--PERSONAL NAME
Personal name Racine, Jean
Relationship aut
777 0# - ISSUED WITH ENTRY
Title Faidra
Main entry heading Racine, Jean
Record control number 0023698
830 #0 - SERIES ADDED ENTRY--UNIFORM TITLE
Uniform title Študentská knižnica : Študentská knižnica
Volume/sequential designation 31
910 ## - USER-OPTION DATA (OCLC)
User-option data savuk
910 ## - USER-OPTION DATA (OCLC)
User-option data knkjs
942 ## - ADDED ENTRY ELEMENTS (KOHA)
Source of classification or shelving scheme Dewey Decimal Classification
Koha item type Krásna literatúra pre dospelých
Suppress in OPAC No
949 ## - LOCAL PROCESSING INFORMATION (OCLC)
6 2889001867
a savukM 94116
949 ## - LOCAL PROCESSING INFORMATION (OCLC)
6 3912002888
a knkjsdo/B
b knkjs2008/245915
949 ## - LOCAL PROCESSING INFORMATION (OCLC)
6 3912002892
a knkjsdo/B
b knkjs2008/260607
949 ## - LOCAL PROCESSING INFORMATION (OCLC)
6 3912002889
a knkjsdo/B
b knkjs2008/245914
949 ## - LOCAL PROCESSING INFORMATION (OCLC)
6 3912002890
a knkjsdo/B
b knkjs2008/244310
949 ## - LOCAL PROCESSING INFORMATION (OCLC)
6 3912002891
a knkjsdo/B
b knkjs2008/262388
949 ## - LOCAL PROCESSING INFORMATION (OCLC)
6 3912002887
a knkjsdo/B
b knkjs2008/262389
Holdings
Stav vyradenia Strata Poškodenie Spôsob nadobudnutia Domovská knižnica Aktuálna knižnica Dátum nadobudnutia Total checkouts Čiarový kód exemplára Date last seen Typ exemplára
      Dar Obecná knižnica Horná Štubňa Obecná knižnica Horná Štubňa 22.01.2026   8088834309 22.01.2026 Krásna literatúra pre dospelých
Projekt je podporený Slovenskou asociáciou knižníc
Prevádzkuje Turčianska knižnica Martin 2026